| 000 | 00958nam a22002417a 4500 | ||
|---|---|---|---|
| 999 |
_c914 _d914 |
||
| 003 | AR-CdUCM | ||
| 008 | 190225b ||||| |||| 00| 0 spa d | ||
| 040 |
_aMUNICIPALIDAD PROVINCIAL DEL CUSCO _cBIBLIOTECA MUNICIPAL DEL CUSCO |
||
| 082 |
_a380.141 / _bE81 |
||
| 100 |
_aEsculies Larrabure, Oscar _93510 |
||
| 245 |
_aComercialización de alimentos : _bquiénes ganan, quiénes pagan, quiénes pierden / |
||
| 260 |
_aLima : _bDESCO , _c1977. |
||
| 300 |
_a190 páginas ; _c17 cm. |
||
| 440 |
_aPraxis _n8 _93511 |
||
| 505 | _aEl problema -- El intermediario -- Acopiadores locales -- Acopiadores transportistas móviles -- Comisionistas -- Apreciaciones del conjunto sobre el intermediario... | ||
| 650 |
_aComercialización de alimentos. _93512 |
||
| 650 |
_aMayorista. _93513 |
||
| 650 |
_aMinorista _93514 |
||
| 700 |
_aRubio Correa, Marcial _93515 |
||
| 700 |
_aGonzalez del Castillo, Veronica _93516 |
||
| 942 |
_2ddc _cLIBROS |
||
| 945 |
_awfj _d2019-02-25 |
||